Statistiques concernant Départements français connectés #4

Cliquez ici pour prendre le quiz!

Statistiques générales

  • Ce quiz a été pris 228 fois
  • Le résultat moyen est 9 sur 10

Réponses sur la Carte

Les réponses sont colorées sur une échelle allant du rouge au vert en fonction du pourcentage des utilisateurs qui les ont devinées à leur premier essai. Vous pouvez retrouver ces pourcentages ci-dessous.
 

Statistiques - réponses

Département% Correct
67Bas-Rhin
99%
68Haut-Rhin
98%
90Territoire de Belfort
96%
74Haute-Savoie
95%
39Jura
95%
73Savoie
95%
25Doubs
93%
1Ain
92%
71Saône-et-Loire
89%
58Nièvre
83%

Distribution des résultats

Percentile par nombre de réponses

% des personnes avec chaque résultat

Votre développement - résultats

Vous n’avez pas pris ce quiz